| 000 | 01253nam a2200313 a 4500 | ||
|---|---|---|---|
| 001 | ebr10439462 | ||
| 003 | CaPaEBR | ||
| 006 | m u | ||
| 007 | cr cn||||||||| | ||
| 008 | 110128s2009 enka sb 000 0 eng d | ||
| 020 | _z9781849280044 | ||
| 020 | _z9781849280051 (e-book) | ||
| 040 |
_aCaPaEBR _cCaPaEBR |
||
| 035 | _a(OCoLC)704518488 | ||
| 050 | 1 | 4 |
_aTJ163.5.O35 _bC35 2009eb |
| 100 | 1 | _aCalder, Alan. | |
| 245 | 1 | 4 |
_aThe green office _h[electronic resource] : _ba business guide / _cAlan Calder. |
| 260 |
_aEly, U.K. : _bIT Governance Pub., _c2009. |
||
| 300 |
_a64 p. : _bill. (chiefly col.) |
||
| 504 | _aIncludes bibliographical references. | ||
| 533 |
_aElectronic reproduction. _bPalo Alto, Calif. : _cebrary, _d2011. _nAvailable via World Wide Web. _nAccess may be limited to ebrary affiliated libraries. |
||
| 650 | 0 |
_aData processing service centers _xEnergy conservation. |
|
| 650 | 0 |
_aInformation technology _xEnvironmental aspects. |
|
| 650 | 0 | _aGreen technology. | |
| 650 | 0 | _aSocial responsibility of business. | |
| 655 | 7 |
_aElectronic books. _2local |
|
| 710 | 2 | _aebrary, Inc. | |
| 856 | 4 | 0 |
_uhttp://site.ebrary.com/lib/rucke/Doc?id=10439462 _zAn electronic book accessible through the World Wide Web; click to view |
| 999 |
_c243941 _d243941 |
||